Iron Man. To chce doktora! /

Další z dobrodružných komiksových příběhů Iron Mana – miliardáře, vědce a superhrdiny v jedné osobě.

Uloženo v:
Hlavní autor: Hale, Dean, 1972- (Autor)
Další autoři: Holgate, Douglas (Autor), Doová, Anh Phuong, 1999- (Ilustrátor)
Médium: Kniha
Jazyk:Czech
Vydáno: [Praha] : Crew s.r.o., 2026
Vydání:První vydání
Edice:Crew kids
Můj první komiks (Crew)
Témata:
Celkem bylo vypůjčeno:1x
Tagy:
Žádné tagy
LEADER 02686nam a2200529 i 4500
001 106702
003 CZ PrNK
005 20260701115257.0
007 ta
008 260626s2026 xr a b 6 000 1 cze
015 |a cnb003766334 
020 |a 9788077120999  |q (vázáno) 
040 |a ABG001  |b cze  |e rda 
041 1 |a cze  |h eng 
072 7 |a 741.52  |x Komiksy. Komiksové adaptace  |2 Konspekt  |9 21 
072 7 |a 821-93  |x Literatura pro děti a mládež (beletrie)  |2 Konspekt  |9 26 
080 |a 741.52(0:82-322.9)  |2 MRF 
080 |a 821-93  |2 MRF 
100 1 |a Hale, Dean,  |d 1972-  |7 xx0347096  |4 aut  |9 117552 
245 1 0 |a Iron Man.  |p To chce doktora! /  |c scénář Dean Hale ; kresba Douglas Holgate ; překlad z angličtiny: Anh Phuong Doová 
246 3 0 |a To chce doktora! 
250 |a První vydání 
264 1 |a [Praha] :  |b Crew s.r.o.,  |c 2026 
300 |a 92 nečíslovaných stran :  |b barevné ilustrace ;  |c 25 cm 
336 |a text  |b txt  |2 rdacontent 
336 |a statický obraz  |b sti  |2 rdacontent 
337 |a bez média  |b n  |2 rdamedia 
338 |a svazek  |b nc  |2 rdacarrier 
490 1 |a Crew kids 
490 1 |a Můj první komiks 
500 |a Na obálce uveden původní vydavatel: Marvel 
520 2 |a Další z dobrodružných komiksových příběhů Iron Mana – miliardáře, vědce a superhrdiny v jedné osobě.  |b Když se porouchá komunikační systém, pro technologického génia a superhrdinu Tonyho Starka alias Iron Mana to přece nemůže být žádný problém. Brzy se ale ukáže, že za problémem stojí příchod tajemného tvora jménem Gargantos a jeho deseti dětí, které pobíhají po New Yorku a způsobují ve městě pořádný zmatek. Iron Man je v nesnázích – naštěstí mu ale na pomoc přispěchá mistr magie Doctor Strange! Dokážou tito dva hrdinové najít do hodiny všechny ztracené gargantíky, aby jejich milující rodič nesežral Tonyho a nezničil město? Nakladatelská anotace. 
521 8 |a Pro čtenáře od 7 let 
546 |a Český text 
655 7 |a superhrdinské komiksy  |7 fd1057488  |2 czenas 
655 7 |a publikace pro děti  |7 fd133156  |2 czenas  |9 23 
655 9 |a superhero comics  |2 eczenas 
655 9 |a children's literature  |2 eczenas 
700 1 |a Holgate, Douglas  |7 ola2017963070  |4 ill  |9 109244 
700 1 |a Doová, Anh Phuong,  |d 1999-  |7 xx0307951  |4 trl  |9 115664 
710 2 |a Nakladatelství Crew  |7 xx0243763  |4 pbl  |9 117310 
830 0 |a Crew kids 
830 0 |a Můj první komiks (Crew) 
910 |a UOG502 
942 |2 ddc  |c KN 
999 |d 106702 
993 |0 0  |1 421180107429  |2 ddc  |4 0  |7 0  |9 100207  |b 0  |c 107429  |d 2026-07-01  |e 1  |f M  |h 249.00  |i Koupě  |l M  |q 2026-08-13  |r 2026-07-02  |s 2026-07-02  |t 8  |w 2026-07-01  |y KN  |z KOMIKS  |n